Tuyển tập các chuyên đề luyện thi đại học môn Toán : Hệ thức Lượng giác (Gồm 41 chuyên đề với khoảng 2000 bài toán) /

Các phép toán của hàm số lượng giác; Quan hệ bài toán lượng giác và đại số; Đẳng thức và bất đẳng thức trong tam giác; Hệ thức và các định lý trong tam giác; Nhận dạng tam giác.

Sparad:
Bibliografiska uppgifter
Huvudupphovsman: Trần Phương.
Materialtyp: Bok
Språk:Vietnamese
Publicerad: Hà Nội : Nxb. Hà Nội, 2004.
Ämnen:
Taggar: Lägg till en tagg
Inga taggar, Lägg till första taggen!
Thư viện lưu trữ: Mạng thư viện Đại học Đà Nẵng
LEADER 01421cam a2200349 a 4500
001 000044437
003 2818
005 20060413151436.0
008 010314b2004 vm 000 vie
020 |c 32000 
040 |a LRC  |c LRC  |d LRC 
041 0 |a vie 
082 1 4 |a 516.24  |b TR-P 
100 1 |a Trần Phương. 
245 1 0 |a Tuyển tập các chuyên đề luyện thi đại học môn Toán :  |b Hệ thức Lượng giác (Gồm 41 chuyên đề với khoảng 2000 bài toán) /  |c Trần Phương. 
260 |a Hà Nội :  |b Nxb. Hà Nội,  |c 2004. 
300 |a 274 tr. :  |b mh. ;  |c 24 cm. 
520 3 |a Các phép toán của hàm số lượng giác; Quan hệ bài toán lượng giác và đại số; Đẳng thức và bất đẳng thức trong tam giác; Hệ thức và các định lý trong tam giác; Nhận dạng tam giác. 
630 0 4 |a Lượng giác. 
650 0 4 |a Hệ thức  |x Lượng giác. 
OWN |a DUT 
AVA |a UDN50  |b DUT  |c Book  |d 516.24 TR-P  |e available  |t Error 5001 Not defined in file expand_doc_bib_avail.  |f 5  |g 0  |h N  |i 0  |j SH  |k 1 
999 |a From the UDN01 
AVA |a UDN50  |b DUT  |c Book  |d 516.24 TR-P  |e available  |t Error 5001 Not defined in file expand_doc_bib_avail.  |f 5  |g 0  |h N  |i 0  |j SH  |k 1 
TYP |a Monograph 
TYP |a Printed language 
980 |a Mạng thư viện Đại học Đà Nẵng